| 000 | 01060 a2200229 4500 | ||
|---|---|---|---|
| 005 | 20260327165837.0 | ||
| 008 | 260327b |||||||| |||| 00| 0 eng d | ||
| 020 | _a9789395817127 (hbk) | ||
| 037 | _cTB | ||
| 040 |
_aCRL _cCRL |
||
| 041 |
_2hin _ahin |
||
| 084 |
_aO152,3N73w R2 _qCRL |
||
| 100 |
_aशाह, रमेश चन्द्र _9863178 |
||
| 245 |
_aएक जीवनी के निमित्त से: _bग्यारह अध्यायों में समाप्य एक आत्म-कथा |
||
| 260 |
_aनई दिल्ली, भारत: _bसस्ता साहित्य मण्डल प्रकाशन, _c2022. |
||
| 300 | _a113पृ. | ||
| 365 |
_b400.00 _cINR |
||
| 650 | _aहिन्दी कहानी | ||
| 650 | _aहिन्दी साहित्य | ||
| 942 |
_cTB _2CC _hO152,3N73w R2 |
||
| 999 |
_c1467331 _d1467331 |
||